Personnages des 101 Dalmatiens (1 & 2) - Statistiques

Statistiques générales
  • Ce quiz a été pris 16 fois
    5 depuis la dernière actualisation
  • Le résultat moyen est 11 sur 16
Statistiques - réponses
Personnages % Correct
Cruella D'enfer
100%
Patch
100%
Perdita
100%
Pongo
100%
Roger
100%
Horace
80%
Jasper
80%
Lucky
80%
Anita
60%
le Colonel
60%
Nanny
60%
Ouragan
60%
Rolly
60%
le sergent Tibbs
40%
Courant d'Air
20%
Lars
20%
Aucun quiz correspondant
Distribution des résultats
% des personnes avec chaque résultat
Percentile par nombre de réponses
Votre historique - résultats
Vous n’avez pas pris ce quiz depuis la dernière actualisation